[Event "Guelph Winter Pro-Am"]
[Site "Guelph CAN"]
[Date "2012.02.10"]
[Round "1"]
[White "Ye, Stephen"]
[Black "Gusev, Nikita"]
[Result "0-1"]
[WhiteElo "1955"]
[BlackElo "2270"]
[PlyCount "66"]
[GameId "2160767909576522"]
[EventDate "2012.02.10"]
[EventType "swiss"]
[EventRounds "5"]
[EventCountry "CAN"]
[SourceTitle "EXT 2022"]
[Source "ChessBase"]
[SourceDate "2021.10.06"]
[SourceVersion "1"]
[SourceVersionDate "2021.10.06"]
[SourceQuality "1"]

1. e4 c5 2. Nf3 e6 3. d4 cxd4 4. Nxd4 a6 5. c4 Nf6 6. Nc3 Qc7 7. f4 Bb4 8. Bd3 b5 9. e5 bxc4 10. Bc2 Nd5 11. Bd2 Bb7 12. Qg4 g6 13. Ba4 Nc6 14. Nc2 Bxc3 15. bxc3 Nxe5 16. fxe5 Qxe5+ 17. Qe2 Qxe2+ 18. Kxe2 Nb6 19. Bxd7+ Nxd7 20. Kf2 Nc5 21. Rhd1 O-O-O 22. Be1 Nd3+ 23. Kg1 Nxe1 24. Nxe1 Rxd1 25. Rxd1 Rd8 26. Rxd8+ Kxd8 27. Kf2 Kd7 28. g3 e5 29. Ke3 f5 30. Nc2 Kd6 31. Na3 Kc5 32. Nc2 Be4 33. Na3 Kd5 0-1

[Event "Guelph Winter Pro-Am"]
[Site "Guelph CAN"]
[Date "2012.02.10"]
[Round "1"]
[White "Zhang, Yuanchen"]
[Black "Stevens, Christian"]
[Result "0-1"]
[WhiteElo "2002"]
[BlackElo "2357"]
[PlyCount "108"]
[GameId "2160767909576523"]
[EventDate "2012.02.10"]
[EventType "swiss"]
[EventRounds "5"]
[EventCountry "CAN"]
[SourceTitle "EXT 2022"]
[Source "ChessBase"]
[SourceDate "2021.10.06"]
[SourceVersion "1"]
[SourceVersionDate "2021.10.06"]
[SourceQuality "1"]

1. d4 Nf6 2. c4 Nc6 3. Nc3 e5 4. d5 Ne7 5. e4 Ng6 6. Be3 Bb4 7. Bd3 Bxc3+ 8. bxc3 d6 9. Nf3 O-O 10. O-O b6 11. Nd2 h6 12. Qe2 Nh7 13. Rae1 Kh8 14. f4 exf4 15. Bxf4 Nf6 16. h3 Nd7 17. Bc2 Nxf4 18. Rxf4 Ne5 19. Rf2 Bd7 20. Nf3 Qe7 21. Ref1 Kg8 22. Nxe5 Qxe5 23. Qd3 Rae8 24. Qd4 Re7 25. Qxe5 Rxe5 26. Bd3 f6 27. Re2 Rfe8 28. Rfe1 f5 29. exf5 Rxe2 30. Rxe2 Rxe2 31. Bxe2 Bxf5 32. Kf2 g5 33. Ke3 Kg7 34. g4 Bd7 35. Kd4 Kf6 36. Bf3 Ba4 37. Be2 Bd7 38. Bf3 Be8 39. Be4 Ba4 40. Bf3 Bc2 41. Be2 Ke7 42. Bf3 Ba4 43. Be2 c5+ 44. Ke4 Kf6 45. Bd3 Be8 46. a3 Bf7 47. Kf3 Ke5 48. Bf5 Be8 49. Bc2 Bd7 50. Bd1 a6 51. Bc2 b5 52. Bd3 bxc4 53. Bxc4 Bb5 54. Ba2 Bf1 0-1

[Event "Guelph Winter Pro-Am"]
[Site "Guelph CAN"]
[Date "2012.02.11"]
[Round "2"]
[White "Chernik, Dmitry"]
[Black "Cormier, Adam"]
[Result "1-0"]
[WhiteElo "2022"]
[BlackElo "2085"]
[PlyCount "61"]
[GameId "2160767909576524"]
[EventDate "2012.02.10"]
[EventType "swiss"]
[EventRounds "5"]
[EventCountry "CAN"]
[SourceTitle "EXT 2022"]
[Source "ChessBase"]
[SourceDate "2021.10.06"]
[SourceVersion "1"]
[SourceVersionDate "2021.10.06"]
[SourceQuality "1"]

1. e4 c5 2. Nc3 a6 3. f4 g6 4. Nf3 Bg7 5. Be2 Nc6 6. O-O h5 7. d3 e6 8. Be3 Nd4 9. e5 Nxe2+ 10. Qxe2 Bf8 11. Ne4 b6 12. Rad1 Bb7 13. Ned2 b5 14. c4 Nh6 15. Ne4 Bxe4 16. dxe4 Ng4 17. Bc1 Qb6 18. h3 Nh6 19. Qe3 d6 20. exd6 Bxd6 21. f5 gxf5 22. Qd2 fxe4 23. Qxh6 exf3 24. Qxh5 bxc4 25. Rxf3 Ra7 26. Qxh8+ Bf8 27. Qh4 Be7 28. Qxc4 Qxb2 29. Qf4 f5 30. Qg3 Qxa2 31. Qb8+ 1-0

[Event "Guelph Winter Pro-Am"]
[Site "Guelph CAN"]
[Date "2012.02.11"]
[Round "2"]
[White "Gusev, Nikita"]
[Black "Sapozhnikov, Roman"]
[Result "0-1"]
[WhiteElo "2270"]
[BlackElo "2514"]
[PlyCount "66"]
[GameId "2160767909576525"]
[EventDate "2012.02.10"]
[EventType "swiss"]
[EventRounds "5"]
[EventCountry "CAN"]
[SourceTitle "EXT 2022"]
[Source "ChessBase"]
[SourceDate "2021.10.06"]
[SourceVersion "1"]
[SourceVersionDate "2021.10.06"]
[SourceQuality "1"]

1. e4 c5 2. Nf3 d6 3. d4 cxd4 4. Nxd4 Nf6 5. Nc3 a6 6. Be2 e6 7. O-O Be7 8. f4 Qc7 9. a4 Nc6 10. Be3 O-O 11. Kh1 Re8 12. Qe1 Bf8 13. Qg3 Kh8 14. Rad1 Bd7 15. Nb3 Nb4 16. a5 Bc6 17. Bf3 d5 18. e5 Ne4 19. Bxe4 dxe4 20. Bb6 Qc8 21. Nd4 Bd5 22. f5 Bc4 23. fxe6 Bxf1 24. exf7 Bxg2+ 25. Kxg2 Re7 26. Nxe4 Rxe5 27. Re1 Nxc2 28. Rc1 Rxe4 29. Rxc2 Qd7 30. Rc7 Qd5 31. Qf3 Rxd4 32. Bxd4 Qxd4 33. Rxb7 Rc8 0-1

[Event "Guelph Winter Pro-Am"]
[Site "Guelph CAN"]
[Date "2012.02.11"]
[Round "2"]
[White "Itkin, David"]
[Black "Zhang, Yuanchen"]
[Result "0-1"]
[WhiteElo "2141"]
[BlackElo "2002"]
[PlyCount "46"]
[GameId "2160767909576526"]
[EventDate "2012.02.10"]
[EventType "swiss"]
[EventRounds "5"]
[EventCountry "CAN"]
[SourceTitle "EXT 2022"]
[Source "ChessBase"]
[SourceDate "2021.10.06"]
[SourceVersion "1"]
[SourceVersionDate "2021.10.06"]
[SourceQuality "1"]

1. e4 c5 2. Nc3 Nc6 3. Bb5 e6 4. Bxc6 bxc6 5. Nf3 d5 6. d3 Nf6 7. O-O Be7 8. b3 O-O 9. Bb2 Ba6 10. Re1 Qc7 11. Nd2 Rfd8 12. Qf3 c4 13. exd5 cxd5 14. dxc4 dxc4 15. Nde4 Nxe4 16. Nxe4 Bb4 17. Red1 Bb7 18. Qg4 c3 19. Nf6+ Kh8 20. Qh4 gxf6 21. Qxf6+ Kg8 22. Qg5+ Kf8 23. Qh6+ Ke8 0-1

[Event "Guelph Winter Pro-Am"]
[Site "Guelph CAN"]
[Date "2012.02.11"]
[Round "2"]
[White "Pelekekae, Oanthata"]
[Black "Ye, Stephen"]
[Result "0-1"]
[WhiteElo "2033"]
[BlackElo "1955"]
[PlyCount "50"]
[GameId "2160767909576527"]
[EventDate "2012.02.10"]
[EventType "swiss"]
[EventRounds "5"]
[EventCountry "CAN"]
[SourceTitle "EXT 2022"]
[Source "ChessBase"]
[SourceDate "2021.10.06"]
[SourceVersion "1"]
[SourceVersionDate "2021.10.06"]
[SourceQuality "1"]

1. e4 c5 2. Nf3 Nc6 3. d4 cxd4 4. Nxd4 g6 5. Be3 Nf6 6. Nc3 Bg7 7. Bc4 O-O 8. Qd2 Ng4 9. Nxc6 bxc6 10. Bd4 e5 11. Bc5 d5 12. Bxf8 Qxf8 13. exd5 Qc5 14. Qe2 e4 15. Nxe4 Qa5+ 16. c3 cxd5 17. Nd6 Be6 18. Bb3 Bxc3+ 19. Kf1 Bd4 20. Nb5 Bc5 21. Rc1 Qb6 22. Rxc5 Qxc5 23. Nc3 Re8 24. g3 Nxf2 25. Bxd5 Bh3+ 0-1

[Event "Guelph Winter Pro-Am"]
[Site "Guelph CAN"]
[Date "2012.02.11"]
[Round "2"]
[White "Sambuev, Bator"]
[Black "Orso, Miklos"]
[Result "1-0"]
[WhiteElo "2692"]
[BlackElo "2356"]
[PlyCount "71"]
[GameId "2160767909576528"]
[EventDate "2012.02.10"]
[EventType "swiss"]
[EventRounds "5"]
[EventCountry "CAN"]
[SourceTitle "EXT 2022"]
[Source "ChessBase"]
[SourceDate "2021.10.06"]
[SourceVersion "1"]
[SourceVersionDate "2021.10.06"]
[SourceQuality "1"]

1. d4 Nf6 2. Nf3 c5 3. e3 e6 4. Bd3 b6 5. O-O Bb7 6. b3 cxd4 7. exd4 Be7 8. Bb2 O-O 9. c4 d6 10. Nc3 Nbd7 11. d5 e5 12. Bc2 g6 13. Ne1 Nh5 14. g4 Nf4 15. Nd3 Nxd3 16. Qxd3 a6 17. Ne4 Bc8 18. Kh1 Nc5 19. Nxc5 bxc5 20. f4 Bxg4 21. fxe5 dxe5 22. Qg3 Qd7 23. Bxe5 f6 24. d6 Bd8 25. Be4 Rb8 26. Bf4 Re8 27. Bd5+ Kg7 28. Rae1 Rxe1 29. Rxe1 Rb6 30. h4 a5 31. Qe3 g5 32. hxg5 Rxd6 33. Bxd6 Qxd6 34. Qe8 fxg5 35. Qf7+ Kh6 36. Kg2 1-0

[Event "Guelph Winter Pro-Am"]
[Site "Guelph CAN"]
[Date "2012.02.11"]
[Round "2"]
[White "Samsonkin, Artiom"]
[Black "Birarov, Vladimir"]
[Result "1-0"]
[WhiteElo "2550"]
[BlackElo "2242"]
[PlyCount "87"]
[GameId "2160767909576529"]
[EventDate "2012.02.10"]
[EventType "swiss"]
[EventRounds "5"]
[EventCountry "CAN"]
[SourceTitle "EXT 2022"]
[Source "ChessBase"]
[SourceDate "2021.10.06"]
[SourceVersion "1"]
[SourceVersionDate "2021.10.06"]
[SourceQuality "1"]

1. e4 c5 2. Nf3 Nc6 3. d4 cxd4 4. Nxd4 e5 5. Nb5 d6 6. N1c3 a6 7. Na3 Be6 8. Nc4 Rc8 9. Nd5 b5 10. Nce3 Be7 11. a4 Rb8 12. axb5 axb5 13. c3 Bg5 14. h4 Bxe3 15. Bxe3 Nge7 16. Ra6 Qc8 17. Rb6 b4 18. Ba6 Qd8 19. Bb7 Qd7 20. Bxc6 Nxc6 21. Qa4 Rxb6 22. Nxb6 Qb7 23. Nd5 bxc3 24. b4 Bd7 25. b5 Ne7 26. Nxc3 f5 27. Bg5 fxe4 28. Nxe4 Nf5 29. g4 Bxb5 30. gxf5 Bxa4 31. Nxd6+ Kd7 32. Nxb7 Bc6 33. Nc5+ Kd6 34. Rg1 Kxc5 35. Be7+ Kd5 36. Rxg7 h5 37. f6 Ke6 38. f7 Kxe7 39. Rg8 Kxf7 40. Rxh8 Bf3 41. Kd2 Kg6 42. Ke3 e4 43. Kf4 Kf6 44. Rh6+ 1-0

[Event "Guelph Winter Pro-Am"]
[Site "Guelph CAN"]
[Date "2012.02.11"]
[Round "2"]
[White "Stevens, Christian"]
[Black "Noritsyn, Nikolay"]
[Result "1/2-1/2"]
[WhiteElo "2357"]
[BlackElo "2639"]
[PlyCount "86"]
[GameId "2160767909576530"]
[EventDate "2012.02.10"]
[EventType "swiss"]
[EventRounds "5"]
[EventCountry "CAN"]
[SourceTitle "EXT 2022"]
[Source "ChessBase"]
[SourceDate "2021.10.06"]
[SourceVersion "1"]
[SourceVersionDate "2021.10.06"]
[SourceQuality "1"]

1. Nf3 b6 2. c4 Bb7 3. g3 e5 4. Bg2 g6 5. O-O Bg7 6. Nc3 f5 7. d3 Ne7 8. Bg5 h6 9. Bxe7 Qxe7 10. Nh4 Bxg2 11. Kxg2 Qf7 12. Nd5 d6 13. Qa4+ Kd8 14. e4 Bf6 15. Nxf6 Qxf6 16. exf5 gxf5 17. Rae1 f4 18. d4 Rg8 19. Nf3 exd4 20. Re4 Kc8 21. Nxd4 Kb7 22. Qb3 d5 23. cxd5 Nd7 24. Qf3 fxg3 25. fxg3 Qxf3+ 26. Rxf3 Nc5 27. Re7 Rae8 28. Rff7 Rxe7 29. Rxe7 Rd8 30. Nb5 Rxd5 31. Rxc7+ Ka6 32. Nxa7 Rd2+ 33. Kh3 Ne6 34. Re7 Ng5+ 35. Kg4 Rxh2 36. a4 Rxb2 37. Nc6 b5 38. axb5+ Rxb5 39. Ne5 Rb7 40. Rxb7 Kxb7 41. Kh5 Ne4 42. g4 Nf6+ 43. Kxh6 Nxg4+ 1/2-1/2

[Event "Guelph Winter Pro-Am"]
[Site "Guelph CAN"]
[Date "2012.02.11"]
[Round "3"]
[White "Birarov, Vladimir"]
[Black "Stevens, Christian"]
[Result "1-0"]
[WhiteElo "2242"]
[BlackElo "2357"]
[PlyCount "53"]
[GameId "2160767909576531"]
[EventDate "2012.02.10"]
[EventType "swiss"]
[EventRounds "5"]
[EventCountry "CAN"]
[SourceTitle "EXT 2022"]
[Source "ChessBase"]
[SourceDate "2021.10.06"]
[SourceVersion "1"]
[SourceVersionDate "2021.10.06"]
[SourceQuality "1"]

1. d4 Nf6 2. c4 e6 3. Nc3 d5 4. Bg5 Be7 5. Nf3 O-O 6. Rc1 h6 7. Bh4 dxc4 8. e3 c5 9. Bxc4 cxd4 10. exd4 Nc6 11. O-O Nh5 12. Bxe7 Nxe7 13. Qe2 Bd7 14. Ne5 Nf6 15. Rfd1 Bc6 16. Nxc6 bxc6 17. Ne4 Nxe4 18. Qxe4 Qd6 19. Bd3 g6 20. h4 h5 21. Rc5 Rfb8 22. b3 Rb4 23. Bc4 Rd8 24. Rd3 Rb6 25. a4 Nd5 26. Qe5 Nb4 27. Rg3 1-0

[Event "Guelph Winter Pro-Am"]
[Site "Guelph CAN"]
[Date "2012.02.11"]
[Round "3"]
[White "Cormier, Adam"]
[Black "Itkin, David"]
[Result "0-1"]
[WhiteElo "2085"]
[BlackElo "2141"]
[PlyCount "68"]
[GameId "2160767909576532"]
[EventDate "2012.02.10"]
[EventType "swiss"]
[EventRounds "5"]
[EventCountry "CAN"]
[SourceTitle "EXT 2022"]
[Source "ChessBase"]
[SourceDate "2021.10.06"]
[SourceVersion "1"]
[SourceVersionDate "2021.10.06"]
[SourceQuality "1"]

1. d4 Nf6 2. Nf3 g6 3. Nbd2 Bg7 4. e4 d6 5. g3 O-O 6. Bg2 c5 7. c3 cxd4 8. Nxd4 Nc6 9. N2b3 Bd7 10. O-O Ne5 11. Qe2 Rc8 12. h3 Nc4 13. Nd2 b5 14. f4 Nh5 15. Qf2 b4 16. g4 bxc3 17. bxc3 Nxf4 18. Qxf4 e5 19. Qf2 exd4 20. cxd4 Qb6 21. Nf3 Bc6 22. Re1 Rce8 23. e5 dxe5 24. dxe5 Qxf2+ 25. Kxf2 Bxe5 26. Rxe5 Rxe5 27. Bf4 Rb5 28. Rc1 Rb2+ 29. Kg3 Nb6 30. a3 Rc8 31. Ra1 Rb3 32. Bd6 Rc3 33. Rf1 Nc4 34. Bb4 Rxa3 0-1

[Event "Guelph Winter Pro-Am"]
[Site "Guelph CAN"]
[Date "2012.02.11"]
[Round "3"]
[White "Noritsyn, Nikolay"]
[Black "Orso, Miklos"]
[Result "1-0"]
[WhiteElo "2639"]
[BlackElo "2356"]
[PlyCount "65"]
[GameId "2160767909576533"]
[EventDate "2012.02.10"]
[EventType "swiss"]
[EventRounds "5"]
[EventCountry "CAN"]
[SourceTitle "EXT 2022"]
[Source "ChessBase"]
[SourceDate "2021.10.06"]
[SourceVersion "1"]
[SourceVersionDate "2021.10.06"]
[SourceQuality "1"]

1. c4 e5 2. g3 Nc6 3. Bg2 f5 4. Nc3 Nf6 5. d3 Bc5 6. e3 O-O 7. Nge2 d6 8. O-O Qe8 9. d4 Bb6 10. Na4 Bd7 11. c5 dxc5 12. dxc5 Nd8 13. Nec3 e4 14. cxb6 axb6 15. b3 Ne6 16. f4 Rd8 17. Qc2 g5 18. Ba3 Rf7 19. Rad1 Ra8 20. Bc1 gxf4 21. exf4 b5 22. Nb2 b4 23. Nd5 Nxd5 24. Rxd5 Rxa2 25. Rfd1 c5 26. Qb1 Ra6 27. Nc4 Bc6 28. Nd6 Qd7 29. Nxf7 Qxf7 30. Re5 Qh5 31. Bb2 Kf7 32. h3 Qg6 33. g4 1-0

[Event "Guelph Winter Pro-Am"]
[Site "Guelph CAN"]
[Date "2012.02.11"]
[Round "3"]
[White "Samsonkin, Artiom"]
[Black "Drkulec, Vladimir"]
[Result "1-0"]
[WhiteElo "2550"]
[BlackElo "2061"]
[PlyCount "35"]
[GameId "2160767909576534"]
[EventDate "2012.02.10"]
[EventType "swiss"]
[EventRounds "5"]
[EventCountry "CAN"]
[SourceTitle "EXT 2022"]
[Source "ChessBase"]
[SourceDate "2021.10.06"]
[SourceVersion "1"]
[SourceVersionDate "2021.10.06"]
[SourceQuality "1"]

1. e4 e5 2. f4 exf4 3. Nf3 g5 4. h4 g4 5. Ne5 d6 6. Nxg4 Be7 7. d4 Bxh4+ 8. Nf2 Bg3 9. Qf3 Nf6 10. Bxf4 Bxf2+ 11. Kxf2 Bg4 12. Qe3 Qe7 13. Nc3 Rg8 14. e5 dxe5 15. dxe5 Nh5 16. Rxh5 Bxh5 17. Nd5 Qh4+ 18. g3 1-0

[Event "Guelph Winter Pro-Am"]
[Site "Guelph CAN"]
[Date "2012.02.11"]
[Round "3"]
[White "Sapozhnikov, Roman"]
[Black "Sambuev, Bator"]
[Result "1-0"]
[WhiteElo "2514"]
[BlackElo "2692"]
[PlyCount "93"]
[GameId "2160767909576535"]
[EventDate "2012.02.10"]
[EventType "swiss"]
[EventRounds "5"]
[EventCountry "CAN"]
[SourceTitle "EXT 2022"]
[Source "ChessBase"]
[SourceDate "2021.10.06"]
[SourceVersion "1"]
[SourceVersionDate "2021.10.06"]
[SourceQuality "1"]

1. d4 Nf6 2. c4 e6 3. Nc3 Bb4 4. e3 O-O 5. Bd3 d5 6. Nf3 c5 7. O-O Nc6 8. a3 Bxc3 9. bxc3 dxc4 10. Bxc4 Qc7 11. h3 e5 12. Bb2 Bf5 13. Qe2 a6 14. a4 Rfe8 15. Rfd1 Rad8 16. Ba2 e4 17. Nd2 cxd4 18. cxd4 Nd5 19. Rdc1 Ndb4 20. Bc4 Qe7 21. Ba3 Qg5 22. Kh2 Nd5 23. Bxd5 Rxd5 24. Rc5 Rxc5 25. Bxc5 Re6 26. Nf1 h5 27. Ng3 Bg6 28. Qb2 Rf6 29. Rf1 Qd5 30. Ne2 Qd7 31. Nf4 Ne7 32. Bxe7 Qxe7 33. Rb1 b6 34. Qc2 Kh7 35. Qc8 Qd6 36. Kg1 a5 37. Rc1 Bf5 38. Qe8 g6 39. Qe5 Bd7 40. Rc7 Qxe5 41. dxe5 Rxf4 42. exf4 Be6 43. h4 Kg7 44. Rb7 Bb3 45. Rxb6 Bxa4 46. Ra6 Bd7 47. Rxa5 1-0

[Event "Guelph Winter Pro-Am"]
[Site "Guelph CAN"]
[Date "2012.02.11"]
[Round "3"]
[White "Song, Guannan Terry"]
[Black "Gusev, Nikita"]
[Result "0-1"]
[WhiteElo "1930"]
[BlackElo "2270"]
[PlyCount "68"]
[GameId "2160767909576536"]
[EventDate "2012.02.10"]
[EventType "swiss"]
[EventRounds "5"]
[EventCountry "CAN"]
[SourceTitle "EXT 2022"]
[Source "ChessBase"]
[SourceDate "2021.10.06"]
[SourceVersion "1"]
[SourceVersionDate "2021.10.06"]
[SourceQuality "1"]

1. e4 c5 2. Nf3 e6 3. d4 cxd4 4. Nxd4 a6 5. Nc3 Qc7 6. Be3 Bb4 7. Qd2 Nf6 8. f3 d5 9. Bd3 e5 10. Nde2 d4 11. Nxd4 exd4 12. Bxd4 Nbd7 13. a3 Bc5 14. Bxc5 Nxc5 15. O-O O-O 16. f4 Rd8 17. e5 Nxd3 18. cxd3 Nd5 19. Ne4 Qb6+ 20. d4 Ne7 21. Nd6 Nf5 22. Nxf5 Bxf5 23. Kh1 Qxd4 24. Qe1 Qxb2 25. Qh4 Rd2 26. Rad1 h6 27. Rg1 Rc8 28. Rde1 Rdc2 29. Qg3 R8c3 30. Qh4 Bh3 31. e6 Rxg2 32. exf7+ Kh7 33. f8=N+ Kg8 34. Qxh3 Rxg1+ 0-1

[Event "Guelph Winter Pro-Am"]
[Site "Guelph CAN"]
[Date "2012.02.12"]
[Round "4"]
[White "Gusev, Nikita"]
[Black "Birarov, Vladimir"]
[Result "0-1"]
[WhiteElo "2270"]
[BlackElo "2242"]
[PlyCount "52"]
[GameId "2160767909576537"]
[EventDate "2012.02.10"]
[EventType "swiss"]
[EventRounds "5"]
[EventCountry "CAN"]
[SourceTitle "EXT 2022"]
[Source "ChessBase"]
[SourceDate "2021.10.06"]
[SourceVersion "1"]
[SourceVersionDate "2021.10.06"]
[SourceQuality "1"]

1. e4 c5 2. Nf3 Nc6 3. Bb5 g6 4. Bxc6 bxc6 5. O-O Bg7 6. Re1 Nf6 7. d3 O-O 8. Nc3 d6 9. e5 Nd7 10. exd6 exd6 11. Bf4 Nf6 12. Ne4 Nxe4 13. dxe4 d5 14. c3 Be6 15. e5 Qb6 16. Be3 Qb5 17. b4 d4 18. cxd4 cxb4 19. Qd2 a5 20. a4 Qd5 21. Rec1 Rfd8 22. Qb2 Bf8 23. Nd2 c5 24. f3 Qxe5 25. Qb1 Qxd4 26. Kh1 Rdc8 0-1

[Event "Guelph Winter Pro-Am"]
[Site "Guelph CAN"]
[Date "2012.02.12"]
[Round "4"]
[White "Itkin, David"]
[Black "Ye, Stephen"]
[Result "1-0"]
[WhiteElo "2141"]
[BlackElo "1955"]
[PlyCount "26"]
[GameId "2160767909576538"]
[EventDate "2012.02.10"]
[EventType "swiss"]
[EventRounds "5"]
[EventCountry "CAN"]
[SourceTitle "EXT 2022"]
[Source "ChessBase"]
[SourceDate "2021.10.06"]
[SourceVersion "1"]
[SourceVersionDate "2021.10.06"]
[SourceQuality "1"]

1. e4 c5 2. Nf3 Nc6 3. d4 cxd4 4. Nxd4 g6 5. Nc3 Bg7 6. Be3 Nf6 7. Bc4 O-O 8. Bb3 d6 9. f3 Bd7 10. Qd2 Qa5 11. h4 h5 12. O-O-O Rab8 13. Kb1 Kh8 1-0

[Event "Guelph Winter Pro-Am"]
[Site "Guelph CAN"]
[Date "2012.02.12"]
[Round "4"]
[White "Orso, Miklos"]
[Black "Pelekekae, Oanthata"]
[Result "1-0"]
[WhiteElo "2356"]
[BlackElo "2033"]
[PlyCount "55"]
[GameId "2160767909576539"]
[EventDate "2012.02.10"]
[EventType "swiss"]
[EventRounds "5"]
[EventCountry "CAN"]
[SourceTitle "EXT 2022"]
[Source "ChessBase"]
[SourceDate "2021.10.06"]
[SourceVersion "1"]
[SourceVersionDate "2021.10.06"]
[SourceQuality "1"]

1. d4 Nf6 2. Nf3 e6 3. c4 d5 4. Bg5 h6 5. Bf4 Bb4+ 6. Nbd2 Ne4 7. h4 c5 8. dxc5 Qf6 9. a3 Bxd2+ 10. Bxd2 Qxb2 11. Qc1 Qf6 12. Bg5 Qf5 13. g4 Qh7 14. Bf4 Nxc5 15. cxd5 Nba6 16. Qe3 Ne4 17. Bg2 exd5 18. Nd2 O-O 19. Nxe4 dxe4 20. Bxe4 g6 21. h5 Qg7 22. Rd1 g5 23. Bd6 Re8 24. Bh7+ Kxh7 25. Qxe8 Qc3+ 26. Kf1 Be6 27. Qxa8 Bxg4 28. Qxb7 1-0

[Event "Guelph Winter Pro-Am"]
[Site "Guelph CAN"]
[Date "2012.02.12"]
[Round "4"]
[White "Preotu, Razvan"]
[Black "Song, Guannan Terry"]
[Result "1/2-1/2"]
[WhiteElo "2206"]
[BlackElo "1930"]
[PlyCount "92"]
[GameId "2160767909576540"]
[EventDate "2012.02.10"]
[EventType "swiss"]
[EventRounds "5"]
[EventCountry "CAN"]
[SourceTitle "EXT 2022"]
[Source "ChessBase"]
[SourceDate "2021.10.06"]
[SourceVersion "1"]
[SourceVersionDate "2021.10.06"]
[SourceQuality "1"]

1. e4 c5 2. Nf3 d6 3. d4 cxd4 4. Nxd4 Nf6 5. Nc3 a6 6. Be3 e5 7. Nb3 Be6 8. f3 h5 9. Qd2 Be7 10. O-O-O Nbd7 11. g3 b5 12. Nd5 Bxd5 13. exd5 Nb6 14. Bxb6 Qxb6 15. Na5 Rc8 16. Nc6 Nxd5 17. Nxe7 Nxe7 18. Qxd6 Qc7 19. Qxc7 Rxc7 20. Bh3 Nc6 21. f4 O-O 22. fxe5 Nxe5 23. Rhe1 Re8 24. Kb1 Rce7 25. Bg2 Nc4 26. Rxe7 Rxe7 27. b3 Na3+ 28. Kb2 b4 29. Bf1 a5 30. Bd3 g5 31. Kc1 Kg7 32. Rf1 h4 33. g4 Re5 34. Kd2 Nb5 35. Bxb5 Rxb5 36. c3 bxc3+ 37. Kxc3 Rc5+ 38. Kd3 Kg6 39. a3 f5 40. gxf5+ Rxf5 41. Rxf5 Kxf5 42. b4 axb4 43. axb4 g4 44. Ke3 Ke5 45. b5 Kd5 46. Kf4 g3 1/2-1/2

[Event "Guelph Winter Pro-Am"]
[Site "Guelph CAN"]
[Date "2012.02.12"]
[Round "4"]
[White "Sambuev, Bator"]
[Black "Noritsyn, Nikolay"]
[Result "1-0"]
[WhiteElo "2692"]
[BlackElo "2639"]
[PlyCount "81"]
[GameId "2160767909576541"]
[EventDate "2012.02.10"]
[EventType "swiss"]
[EventRounds "5"]
[EventCountry "CAN"]
[SourceTitle "EXT 2022"]
[Source "ChessBase"]
[SourceDate "2021.10.06"]
[SourceVersion "1"]
[SourceVersionDate "2021.10.06"]
[SourceQuality "1"]

1. d4 Nf6 2. Nf3 g6 3. c4 c5 4. d5 d6 5. Nc3 Bg7 6. e4 O-O 7. h3 Na6 8. Bd3 Nc7 9. O-O e5 10. dxe6 Nxe6 11. Nh2 Nh5 12. Nd5 Bd7 13. g4 Nf6 14. Nc3 Re8 15. Qf3 a6 16. Bd2 b5 17. Rae1 Nd4 18. Qg3 bxc4 19. Bxc4 Bc6 20. Bg5 h6 21. Bxf6 Bxf6 22. g5 hxg5 23. f4 Ra7 24. fxg5 Be5 25. Qh4 Ne6 26. Rf6 d5 27. exd5 Nxg5 28. Rxe5 Rxe5 29. Rxc6 Re3 30. Kg2 Rb7 31. Qf2 Qe7 32. Rxg6+ Kh7 33. d6 Qe5 34. Rh6+ Kg7 35. Ng4 Rg3+ 36. Qxg3 Rxb2+ 37. Be2 Rxe2+ 38. Nxe2 Qxe2+ 39. Qf2 Qe4+ 40. Kh2 f5 41. Qb2+ 1-0

[Event "Guelph Winter Pro-Am"]
[Site "Guelph CAN"]
[Date "2012.02.12"]
[Round "4"]
[White "Sapozhnikov, Roman"]
[Black "Samsonkin, Artiom"]
[Result "0-1"]
[WhiteElo "2514"]
[BlackElo "2550"]
[PlyCount "110"]
[GameId "2160767909576542"]
[EventDate "2012.02.10"]
[EventType "swiss"]
[EventRounds "5"]
[EventCountry "CAN"]
[SourceTitle "EXT 2022"]
[Source "ChessBase"]
[SourceDate "2021.10.06"]
[SourceVersion "1"]
[SourceVersionDate "2021.10.06"]
[SourceQuality "1"]

1. e4 d5 2. exd5 Nf6 3. d4 Nxd5 4. Nf3 Bf5 5. Be2 e6 6. O-O Nc6 7. a3 Be7 8. c4 Nb6 9. Nc3 O-O 10. d5 Na5 11. Nd4 Naxc4 12. dxe6 Bxe6 13. Nxe6 Qxd1 14. Rxd1 fxe6 15. Bg4 e5 16. Ne4 Rad8 17. Be6+ Kh8 18. Bg5 Rxd1+ 19. Rxd1 Bxg5 20. Nxg5 h6 21. Nf7+ Kh7 22. b3 Nxa3 23. Nxe5 Nb5 24. g3 Rf6 25. Bh3 Rd6 26. Ra1 a6 27. Bg2 c6 28. h4 g6 29. Re1 Nd4 30. Re4 Kg7 31. Kh2 Re6 32. f4 Rd6 33. b4 Nf5 34. Nf3 Nd5 35. Bh3 b5 36. h5 Nf6 37. Bxf5 gxf5 38. Re7+ Kf8 39. Ra7 Nxh5 40. Nh4 Rd2+ 41. Kh3 Rd3 42. Nxf5 Nxf4+ 43. Kg4 Nd5 44. Kh5 Nxb4 45. Kg6 Ke8 46. Kf6 Kd8 47. Ke6 Kc8 48. Nd6+ Kb8 49. Rb7+ Ka8 50. Rg7 Nd5 51. Nc8 Kb8 52. Nd6 Nc7+ 53. Ke7 Rxd6 54. Rg8+ Ne8 55. Rxe8+ Kc7 0-1

[Event "Guelph Winter Pro-Am"]
[Site "Guelph CAN"]
[Date "2012.02.12"]
[Round "4"]
[White "Zhang, Yuanchen"]
[Black "Chernik, Dmitry"]
[Result "1-0"]
[WhiteElo "2002"]
[BlackElo "2022"]
[PlyCount "77"]
[GameId "2160767909576543"]
[EventDate "2012.02.10"]
[EventType "swiss"]
[EventRounds "5"]
[EventCountry "CAN"]
[SourceTitle "EXT 2022"]
[Source "ChessBase"]
[SourceDate "2021.10.06"]
[SourceVersion "1"]
[SourceVersionDate "2021.10.06"]
[SourceQuality "1"]

1. d4 Nf6 2. c4 g6 3. Nc3 d5 4. cxd5 Nxd5 5. g3 Nxc3 6. bxc3 c5 7. Bg2 cxd4 8. cxd4 Bg7 9. e3 O-O 10. Ne2 Nc6 11. O-O Qc7 12. Ba3 Rd8 13. Rc1 Qa5 14. Qb3 Bg4 15. Nc3 Rab8 16. Qa4 Qh5 17. Rfe1 Bf3 18. Qb4 e5 19. d5 a6 20. Bxf3 Qxf3 21. Qb6 Rxd5 22. Nxd5 Qxd5 23. Red1 Qf3 24. Rd7 Re8 25. Qxb7 Nd4 26. exd4 Qxa3 27. Rc8 Rxc8 28. Qxc8+ Bf8 29. Qc4 Be7 30. dxe5 Kf8 31. e6 f6 32. Qc8+ Kg7 33. Qc7 Kf8 34. Rd8+ Kg7 35. Re8 Kh6 36. Rxe7 g5 37. Rxh7+ Kg6 38. Qc2+ f5 39. Rf7 1-0